[Event "1800-2200 Blitz"]
[Site "SchemingMind.com"]
[Date "2007.12.28"]
[Round "-"]
[White "Vaidotas"]
[Black "Darko"]
[Result "0-1"]
[WhiteCountry "LTU"]
[BlackCountry "ROU"]
[WhiteElo "1929"]
[WhiteRD "65"]
[BlackElo "2004"]
[BlackRD "66"]
[GameID "135378"]

1. c4 e5 2. Nc3 Bb4 3. e3 Bxc3 4. bxc3 d6 5. d4 e4 6. Qc2 f5 7. Nh3 Be6 8. Ba3 Ne7 9. c5 dxc5 10. Bxc5 Nd7
11. Ba3 O-O 12. Ng5 Bd5 13. c4 Bf7 14. Nxf7 Rxf7 15. Qb3 Rb8 16. c5 c6 17. Bc4 Nd5 18. Bxd5 cxd5 19. Qxd5 Qa5+ 20. Kf1 Qxa3
21. g3 Qb2 22. Kg2 Qb5 23. Rhb1 Qc6 24. Qxc6 bxc6 25. Rxb8+ Nxb8 26. Rb1 Na6 27. a4 g6 28. h4 h5 29. Kf1 Kf8 30. Ke2 Ke7
31. d5 Nxc5 32. dxc6 Kd6 33. a5 Kxc6 34. Rb2 Rb7 35. Rc2 Rb5 36. a6 Ra5 37. Rb2 Nxa6 38. Kf1 Nc7 39. Kg2 Rc5 40. Rb8 Rd5
41. Rb2 a5
0-1

[Event "1800-2200 Blitz"]
[Site "SchemingMind.com"]
[Date "2007.12.28"]
[Round "-"]
[White "Pedro666"]
[Black "Darko"]
[Result "1-0"]
[WhiteCountry "POL"]
[BlackCountry "ROU"]
[WhiteElo "2005"]
[WhiteRD "76"]
[BlackElo "2007"]
[BlackRD "67"]
[GameID "135379"]

1. Nf3 d5 2. d4 c5 3. c3 e6 4. Bf4 Nf6 5. e3 Be7 6. h3 Nc6 7. Nbd2 O-O 8. Bd3 cxd4 9. exd4 h6 10. O-O Bd7
11. Qe2 a6 12. Ne5 Nxe5 13. Bxe5 Nh7 14. Rae1 Bf6 15. Bxf6 Qxf6 16. Nf3 Qe7 17. Ne5 Nf6 18. f4 Be8 19. f5 exf5 20. Bxf5 Bb5
21. Bd3 Bxd3 22. Qxd3 Qd6 23. Qf5 Qe6 24. Qf3 Ne4 25. Re2 Qf6 26. Qe3 Qg5 27. Qxg5 Nxg5 28. Ref2 f6 29. Nd7 Rf7 30. Nb6 Rd8
31. Rf5 Re7 32. Rxd5 Rde8 33. Rd7 Re2 34. Rf2 Re1+ 35. Kh2 R1e2 36. Rxe2 Rxe2 37. b4 f5 38. Nd5 b5 39. Ne7+ Kf8 40. Nxf5 Nf3+
41. Kg3 Ne1 42. h4 Rxa2 43. Kf4 Rxg2 44. d5 Rf2+ 45. Ke4 Rf3 46. Nxg7 Rxc3 47. Ke5 Rc4 48. Kf6 Rf4+ 49. Nf5 Ke8 50. Re7+
1-0

[Event "1800-2200 Blitz"]
[Site "SchemingMind.com"]
[Date "2008.01.02"]
[Round "-"]
[White "esteves101"]
[Black "Darko"]
[Result "0-1"]
[WhiteCountry "PHI"]
[BlackCountry "ROU"]
[WhiteElo "2077"]
[WhiteRD "76"]
[BlackElo "2004"]
[BlackRD "66"]
[GameID "135380"]

1. e4 c5 2. Nc3 Nc6 3. Bb5 Nf6 4. Nf3 Qc7 5. O-O Nd4 6. Re1 a6 7. Be2 e5 8. d3 Be7 9. Bg5 d6 10. Bxf6 Nxf3+
11. Bxf3 Bxf6 12. Nd5 Qd8 13. Bg4 Be6 14. Qf3 Bxd5 15. exd5 O-O 16. Re4 Bg5 17. Rae1 Bd2 18. Rd1 Bg5
0-1

[Event "1800-2200 Blitz"]
[Site "SchemingMind.com"]
[Date "2007.12.28"]
[Round "-"]
[White "Aadsje"]
[Black "riverriver"]
[Result "1-0"]
[WhiteCountry "NED"]
[BlackCountry "USA"]
[WhiteElo "2182"]
[WhiteRD "65"]
[BlackElo "1990"]
[BlackRD "66"]
[GameID "135396"]

1. e4 e5 2. Nf3 Nc6 3. Bb5 a6 4. Bxc6 dxc6 5. O-O Qd6 6. d4 exd4 7. e5 Qg6 8. Qxd4 Qxc2 9. Rd1 Be6 10. Bg5 Be7
11. Nc3 Qf5 12. Ne4 Bd5 13. Ng3 Qg6 14. h4 h6 15. h5 Qe6 16. Bf4 Bxa2 17. Qd2 Bd5 18. Nd4 Qg4 19. f3 Qd7 20. Rac1 O-O-O
21. Qa5 Be6 22. Ne4 Qd5 23. Qc3 Kb8 24. Nxe6 Qxd1+ 25. Rxd1 Rxd1+ 26. Kf2 fxe6 27. Nc5 Bxc5+ 28. Qxc5 Rd8 29. Bg3 b6 30. Qxc6 Rd2+
31. Kg1 Ne7 32. Qxe6 Nd5 33. Qd7 Rd1+ 34. Kh2 Ne3 35. Qxg7 Rdd8 36. e6 Nf1+ 37. Kh3 Nxg3 38. Qxg3 Rhe8 39. Qg6 Re7 40. f4 Rh8
41. f5 Kb7 42. Qf6 Ree8 43. Qe5 Rhf8 44. f6 Kc6 45. f7 Re7 46. Qg7 Rd8 47. f8=Q Rxf8 48. Qxe7
1-0

[Event "1800-2200 Blitz"]
[Site "SchemingMind.com"]
[Date "2007.12.28"]
[Round "-"]
[White "Aadsje"]
[Black "Brendan Joseph Birt"]
[Result "1-0"]
[WhiteCountry "NED"]
[BlackCountry "USA"]
[WhiteElo "2190"]
[WhiteRD "64"]
[BlackElo "1892"]
[BlackRD "73"]
[GameID "135397"]

1. e4 c5 2. Nf3 g6 3. Bc4 Bg7 4. O-O Nc6 5. Nc3 Nf6 6. e5 Ng4 7. Bxf7+ Kxf7 8. Ng5+ Ke8 9. Qxg4 Nxe5 10. Qg3 d6
11. d3 h6 12. Nge4 Bf5 13. Bf4 Kf7 14. Nxc5 dxc5 15. Bxe5 Qd7 16. Bxg7 Kxg7 17. Qe5+ Kh7 18. Rfe1 Rhe8 19. Qxc5 b6 20. Qd5 Kg7
21. Qe5+ Kh7 22. f3 h5 23. Nd5 Rac8 24. c4 Bxd3 25. Qd4 Qf5 26. Ne3 e5 27. Qd6 Rcd8 28. Nxf5
1-0

[Event "1800-2200 Blitz"]
[Site "SchemingMind.com"]
[Date "2007.12.28"]
[Round "-"]
[White "Aadsje"]
[Black "jdcald13"]
[Result "1-0"]
[WhiteCountry "NED"]
[BlackCountry "USA"]
[WhiteElo "2190"]
[WhiteRD "64"]
[BlackElo "1948"]
[BlackRD "47"]
[GameID "135398"]

1. e4 c6 2. Nf3 d5 3. exd5 cxd5 4. Bb5+ Nc6 5. O-O a6 6. Bxc6+ bxc6 7. Ne5 Qc7 8. d4 Nf6 9. Bf4 Qb6 10. Nc3 e6
11. Na4 Qb5 12. c4 dxc4 13. Nc3 Qb6 14. Nxc4 Qd8 15. Qa4 Bd7 16. Nd6+ Bxd6 17. Bxd6 Nd5 18. Ne4 c5 19. Qd1 cxd4 20. Bc5 Qc7
21. Qxd4 Bb5 22. Nd6+
1-0

[Event "1800-2200 Blitz"]
[Site "SchemingMind.com"]
[Date "2007.12.29"]
[Round "-"]
[White "Aadsje"]
[Black "Tanis"]
[Result "1-0"]
[WhiteCountry "NED"]
[BlackCountry "CHN"]
[WhiteElo "2190"]
[WhiteRD "64"]
[BlackElo "2103"]
[BlackRD "78"]
[GameID "135399"]

1. e4 e5 2. Nf3 f5 3. Nxe5 Qf6 4. Nc4 fxe4 5. Nc3 Qg6 6. d4 exd3 7. Bxd3 Qe6+ 8. Ne3 Bb4 9. O-O Bxc3 10. bxc3 Kd8
11. Re1 d6 12. c4 Nd7 13. Nd5 Qf7 14. Be2 Ngf6 15. Bg5 Re8 16. Bh5 Rxe1+ 17. Qxe1 Qf8 18. c5 Nxc5 19. Nxf6 gxf6 20. Bxf6+ Kd7
21. Bg4+ Kc6 22. Bf3+ Kd7 23. Qc3 c6 24. Re1 Na4 25. Qa5 Nb6 26. Re7+ Qxe7 27. Bxe7 Kxe7 28. Qg5+ Kd7 29. Qg7+
1-0

[Event "1800-2200 Blitz"]
[Site "SchemingMind.com"]
[Date "2007.12.28"]
[Round "-"]
[White "Aadsje"]
[Black "Vaidotas"]
[Result "1-0"]
[WhiteCountry "NED"]
[BlackCountry "LTU"]
[WhiteElo "2190"]
[WhiteRD "64"]
[BlackElo "1929"]
[BlackRD "65"]
[GameID "135401"]

1. e4 e5 2. Nf3 Nc6 3. Bb5 a6 4. Bxc6 dxc6 5. d3 Bg4 6. O-O Bd6 7. h3 Bh5 8. Nbd2 Ne7 9. g4 Bg6 10. Nc4 f6
11. d4 exd4 12. Qxd4 c5 13. Qd3 b5 14. Nxd6+ Qxd6 15. Qxd6 cxd6 16. Re1 Nc6 17. Bf4 O-O-O 18. a4 b4 19. Kg2 Rhe8 20. Nd2 d5
21. exd5 Rxe1 22. Rxe1 Rxd5 23. Rc1= Nd4 24. Nc4 Kb7 25. Re1 Rd7 26. c3 Nc6 27. a5 b3 28. f3 Re7 29. Rd1 Bf7 30. Nd6+ Ka8
31. Nc8 Re2+ 32. Kf1 Bc4 33. Nb6+ Kb7 34. Rd7#
1-0

[Event "1800-2200 Blitz"]
[Site "SchemingMind.com"]
[Date "2007.12.28"]
[Round "-"]
[White "Aadsje"]
[Black "Pedro666"]
[Result "1/2-1/2"]
[WhiteCountry "NED"]
[BlackCountry "POL"]
[WhiteElo "2182"]
[WhiteRD "65"]
[BlackElo "2005"]
[BlackRD "76"]
[GameID "135402"]

1. e4 Nf6 2. e5 Nd5 3. c4 Nb6 4. c5 Nd5 5. Nc3 e6 6. d4 d6 7. Nxd5 exd5 8. cxd6 cxd6 9. Nf3 Nc6 10. Bd3 dxe5
11. Nxe5 Bb4+ 12. Bd2 Bxd2+ 13. Qxd2 O-O 14. O-O Qb6 15. Nxc6 bxc6 16. Rfe1 Rb8 17. b3 Qb4 18. Rad1 Bg4 19. f3 Bd7 20. Qxb4 Rxb4
21. Bc2 Re8 22. Rxe8+ Bxe8 23. a3 Rb8 24. Kf2 Bd7 25. b4 Kf8 26. Re1 a5 27. bxa5 Ra8 28. a6 Rxa6 29. Re3 g6 30. a4 Be6
31. Ra3 Ra5 32. Rc3 Bd7 33. Rc5 Rxc5 34. dxc5 Ke7 35. h4 h6 36. Ke3 g5 37. a5 Kd8 38. g3 Kc7 39. Bd3 Kb7 40. Kd4 gxh4
41. gxh4 f6 42. f4 Ka7 43. Kc3 Bc8 44. Bc2 Ba6 45. Ba4 Bb5 46. Bxb5 cxb5 47. c6 f5 48. Kd4 b4 49. Kxd5 b3 50. Kd6 b2
51. c7 b1=Q 52. c8=Q Qd3+=
1/2-1/2

[Event "1800-2200 Blitz"]
[Site "SchemingMind.com"]
[Date "2008.01.02"]
[Round "-"]
[White "Aadsje"]
[Black "esteves101"]
[Result "0-1"]
[WhiteCountry "NED"]
[BlackCountry "PHI"]
[WhiteElo "2209"]
[WhiteRD "64"]
[BlackElo "2055"]
[BlackRD "62"]
[GameID "135403"]

1. e4 e5 2. Nc3 Nc6 3. Nf3 Nf6 4. Be2 Bd6 5. O-O O-O 6. d3 Bb4 7. Bg5 Be7 8. Qd2 d6 9. h3 Be6 10. Rfd1 Re8
11. Be3 d5 12. exd5 Nxd5 13. Nxd5 Bxd5 14. d4 exd4 15. Nxd4 Nxd4 16. Qxd4 Bc6 17. Qxd8 Raxd8 18. Rxd8 Bxd8 19. Rd1 Bf6 20. b4 a6
21. c4 Ba4 22. Rd3 Bc6 23. f3 g6 24. Kf2 Kg7 25. g3 Be7 26. a3 Bf6 27. Rd2 Bc3 28. Bd4+ Bxd4+ 29. Rxd4 Re7 30. f4 Bd7
31. h4 h5 32. Bf3 b6 33. Bb7 a5 34. bxa5 bxa5 35. Bf3 Be6 36. c5 Bb3 37. Rd8 Bc4 38. c6 Bb3 39. Ra8 a4 40. Be2 Kf6
41. Bb5 Ke6 42. Bxa4 Bxa4 43. Rxa4 Kd5 44. f5 gxf5 45. Ra5+ Ke4 46. Ra7 f4 47. Ra4+ Kd5 48. Rxf4 Re6 49. Rxf7 Rxc6 50. Rf5+ Kd4
0-1

[Event "1800-2200 Blitz"]
[Site "SchemingMind.com"]
[Date "2007.12.28"]
[Round "-"]
[White "Aadsje"]
[Black "Darko"]
[Result "1-0"]
[WhiteCountry "NED"]
[BlackCountry "ROU"]
[WhiteElo "2190"]
[WhiteRD "64"]
[BlackElo "2004"]
[BlackRD "66"]
[GameID "135404"]

1. d4 Nf6 2. Nc3 d5 3. Bf4 c6 4. e3 Bf5 5. Bd3 Bg6 6. Qf3 Qb6 7. Nge2 e6 8. O-O Be7 9. e4 dxe4 10. Nxe4 Bxe4
11. Bxe4 Nxe4 12. Qxe4 O-O 13. f3 Nd7 14. b3 Rad8 15. c3 Nf6 16. Qd3 Nd5 17. Bg3= c5 18. Rfd1 cxd4 19. Bf2 Nxc3 20. Nxc3 dxc3
21. Bxb6 Rxd3 22. Rxd3 axb6 23. Rc1 Bf6 24. Kf1 Rc8 25. Rd7 Rb8 26. Rd6 g6 27. Rxb6 Bd4 28. Rb5 b6 29. a4 Rc8 30. Ke2 e5
31. b4 Kf8 32. Kd3 Ke7 33. a5 Kd6 34. axb6 Kc6 35. Rxc3+ Bxc3 36. Rc5+
1-0

[Event "1800-2200 Blitz"]
[Site "SchemingMind.com"]
[Date "2007.12.29"]
[Round "-"]
[White "riverriver"]
[Black "Aadsje"]
[Result "0-1"]
[WhiteCountry "USA"]
[BlackCountry "NED"]
[WhiteElo "2007"]
[WhiteRD "72"]
[BlackElo "2190"]
[BlackRD "64"]
[GameID "135405"]

1. d4 Nf6 2. c4 c5 3. Nf3 cxd4 4. Nxd4 e5 5. Nb5 d5 6. cxd5 Bc5 7. N5c3 O-O 8. Qb3 Nbd7 9. g3 Ng4 10. Ne4 f5
11. h3 fxe4 12. d6+ Rf7 13. hxg4 Bxf2+ 14. Kd1 Nc5 15. Qd5 Bd4 16. Qc4 Qxd6 17. Kc2 Be6 18. Qb4 e3 19. Bg2 Rf2 20. Bf3 Qa6
21. Nd2 Rxf3 22. Nxf3 Qxe2+ 23. Bd2 exd2 24. Nxd2 Rc8
0-1

[Event "1800-2200 Blitz"]
[Site "SchemingMind.com"]
[Date "2007.12.29"]
[Round "-"]
[White "Brendan Joseph Birt"]
[Black "Aadsje"]
[Result "1/2-1/2"]
[WhiteCountry "USA"]
[BlackCountry "NED"]
[WhiteElo "1892"]
[WhiteRD "73"]
[BlackElo "2190"]
[BlackRD "64"]
[GameID "135406"]

1. e4 Nc6 2. Nf3 e5 3. d4 exd4 4. Bc4 Nf6 5. e5 d5 6. Bb5 Ne4 7. Nxd4 Bd7 8. Bxc6 bxc6 9. O-O Be7 10. f3 Nc5
11. f4 O-O 12. f5 Ne4 13. Nc3 Nxc3 14. bxc3 c5 15. Nb3 c4 16. Nd4 c5=
1/2-1/2

[Event "1800-2200 Blitz"]
[Site "SchemingMind.com"]
[Date "2007.12.29"]
[Round "-"]
[White "jdcald13"]
[Black "Aadsje"]
[Result "0-1"]
[WhiteCountry "USA"]
[BlackCountry "NED"]
[WhiteElo "1948"]
[WhiteRD "47"]
[BlackElo "2190"]
[BlackRD "64"]
[GameID "135407"]

1. d4 Nf6 2. Bf4 e6 3. Nf3 Nc6 4. e3 Be7 5. Bd3 Nh5 6. O-O O-O 7. Ng5 Nxf4 8. Bxh7+ Kh8 9. exf4 Bxg5 10. fxg5 Kxh7
11. Qh5+ Kg8 12. Re1 Nxd4 13. Re4 g6 14. Qd1 c5 15. c3 d5
0-1

[Event "1800-2200 Blitz"]
[Site "SchemingMind.com"]
[Date "2007.12.29"]
[Round "-"]
[White "Tanis"]
[Black "Aadsje"]
[Result "0-1"]
[WhiteCountry "CHN"]
[BlackCountry "NED"]
[WhiteElo "2103"]
[WhiteRD "78"]
[BlackElo "2190"]
[BlackRD "64"]
[GameID "135408"]

1. e4 c5 2. Nf3 d6 3. d4 cxd4 4. Nxd4 e5 5. Bb5+ Nd7 6. Nf5 a6 7. Ba4 b5 8. Bb3 Nc5 9. Ng3 Nf6 10. Nc3 Be7
11. f3 Nxb3 12. axb3 h5 13. Nxb5 h4 14. Nf1 d5 15. exd5 h3 16. gxh3 Bb7 17. Nc3 Nxd5 18. Nxd5 Bxd5 19. Ne3 Bb7 20. O-O Qb6
21. Rf2 Bc5 22. Qe2 Rxh3 23. Ra4 e4 24. b4 Qg6+ 25. Kh1 exf3 26. Qe1 O-O-O 27. Qg1 Bxe3 28. Qxg6 fxg6
0-1

[Event "1800-2200 Blitz"]
[Site "SchemingMind.com"]
[Date "2007.12.29"]
[Round "-"]
[White "Vaidotas"]
[Black "Aadsje"]
[Result "0-1"]
[WhiteCountry "LTU"]
[BlackCountry "NED"]
[WhiteElo "1929"]
[WhiteRD "65"]
[BlackElo "2190"]
[BlackRD "64"]
[GameID "135410"]

1. c4 e5 2. Nc3 Nc6 3. e3 Nf6 4. d4 exd4 5. exd4 Bb4 6. Bd3 Nxd4 7. Bxh7 Qe7+ 8. Kf1 Bc5 9. Bd3 d6 10. Bd2 Be6
11. Na4 Ng4 12. Nxc5 dxc5 13. Nf3 Nxf3 14. gxf3 O-O-O 15. Be4 Nxh2+ 16. Ke1 Bxc4 17. Qc2 Nxf3+ 18. Kd1 Rxh1#
0-1

[Event "1800-2200 Blitz"]
[Site "SchemingMind.com"]
[Date "2007.12.28"]
[Round "-"]
[White "Pedro666"]
[Black "Aadsje"]
[Result "0-1"]
[WhiteCountry "POL"]
[BlackCountry "NED"]
[WhiteElo "2069"]
[WhiteRD "88"]
[BlackElo "2190"]
[BlackRD "64"]
[GameID "135411"]

1. d4 Nf6 2. Nf3 g6 3. g3 Bg7 4. Bg2 O-O 5. O-O d5 6. c4 dxc4 7. Na3 Nc6 8. Nxc4 Bf5 9. b3 Be4 10. Bb2 Qc8
11. Nce5 Rd8 12. Qc1 Qf5 13. Nh4 Qe6 14. Nxc6 bxc6 15. Qe3 a5= 16. Rac1 a4 17. Bxe4 Nxe4 18. f3 Nc5 19. Qd2 axb3 20. Rxc5 Rxa2
21. Kh1 Rxd4 22. Qc3 Qxe2 23. Rb1 Rd1+
0-1

[Event "1800-2200 Blitz"]
[Site "SchemingMind.com"]
[Date "2008.01.02"]
[Round "-"]
[White "esteves101"]
[Black "Aadsje"]
[Result "0-1"]
[WhiteCountry "PHI"]
[BlackCountry "NED"]
[WhiteElo "2055"]
[WhiteRD "62"]
[BlackElo "2209"]
[BlackRD "64"]
[GameID "135412"]

1. e4 Nc6 2. Nf3 e5 3. Bb5 Nf6 4. O-O Bc5 5. c3 O-O 6. d4 Bb6 7. dxe5 Nxe4 8. Qd5 Nc5 9. Re1 a6 10. Bc4 Ne7
11. Qd1 d6 12. exd6 cxd6 13. Bg5 Ne6 14. Bxe7 Qxe7 15. Qd5 Qd8 16. Nbd2 Nf4 17. Qe4 Qf6 18. Bd3 g6 19. Bf1 d5 20. Qe5 Qxe5
21. Rxe5 f6 22. Ree1 Bg4 23. g3 Nh3+ 24. Bxh3 Bxh3 25. Re7 Rf7 26. Re2 Rc8 27. Rae1 a5 28. Kh1 a4 29. Nb1 Bc5 30. Kg1 Rff8
31. b4 axb3 32. axb3 Kf7 33. b4 Bd6 34. Na3 Bd7 35. Nd4 Rfd8 36. Nab5 Be5 37. Kg2 g5 38. Re3 Ra8 39. R3e2 Kg6 40. Re3 h5
41. h4 gxh4 42. gxh4 Rg8 43. Kf3 Bg4+ 44. Kg2 Kh6 45. Kf1 Bd7 46. R1e2 Bh2 47. Ke1 Rg1+ 48. Kd2 Ra2+ 49. Nc2 Bxb5 50. Re1 Rxe1
0-1

[Event "1800-2200 Blitz"]
[Site "SchemingMind.com"]
[Date "2007.12.29"]
[Round "-"]
[White "Darko"]
[Black "Aadsje"]
[Result "0-1"]
[WhiteCountry "ROU"]
[BlackCountry "NED"]
[WhiteElo "2004"]
[WhiteRD "66"]
[BlackElo "2190"]
[BlackRD "64"]
[GameID "135413"]

1. e4 Nc6 2. Nf3 e5 3. Bb5 Nf6 4. O-O Bc5 5. c3 Nxe4 6. d4 exd4 7. cxd4 Bb6 8. d5 Ne7 9. Qe2 Nd6 10. Bd3 O-O
11. Nc3 Ng6 12. h4 Re8 13. Qc2 Nxh4 14. Bxh7+ Kh8 15. Ng5 Qf6 16. Bd3 Kg8 17. Nh7 Qe5 18. Bg5 Nf3+ 19. gxf3 Qg3+ 20. Kh1 Qxf3+
21. Kh2 Bd4 22. Be2 Be5+ 23. Kg1 Qh3 24. f4 Bd4+ 25. Rf2 Qg3+
0-1